Dimensiones de la pobreza en América Latina y El Caribe

Сохранить в:
Библиографические подробности
Главные авторы: Sanfuentes V., Andrés (autor), Lavados Montes, Hugo (Автор)
Формат:
Язык:испанский
английский
Опубликовано: Santiago UNICEF 1982
Редактирование:2a. ed
Предметы:
Метки: Добавить метку
Нет меток, Требуется 1-ая метка записи!

MARC

LEADER 00000nam a2200000 a 4500
001 UCZ8038
003 CL-VaPUC
008 960112e19820000CL |||||||||||||||||spa|d
041 0 7 |a spa  |2 CL-VaPUC 
041 0 7 |a eng  |2 CL-VaPUC 
082 0 4 |a 362.5  |b SAN  |2 21 
100 |a Sanfuentes V., Andrés  |e autor  |9 353140 
700 |a Lavados Montes, Hugo  |e author  |9 616728 
245 1 0 |a Dimensiones de la pobreza en América Latina y El Caribe 
246 1 0 |a Dimensions of poverty in Latin America and The Caribbean 
250 |a 2a. ed 
300 |a 167 p 
942 |c BK 
945 |d 19960112 00:00:00  |a cmena 
260 |a Santiago  |b UNICEF  |c 1982 
650 0 |a Pobreza  |9 258652 
650 0 |a Problemas sociales  |9 258537 
650 0 |a Ciencias sociales  |v Investigación  |9 307767 
650 0 |a Nutrición   |9 259434 
650 0 |a Demografía   |9 260008 
650 0 |a Salud  |9 258663 
650 0 |a Vivienda  |9 258662 
650 0 |a Bienestar social   |9 255298 
650 0 |a Educación  |9 258661 
651 0 |a América Latina   |9 255027 
651 7 |a EL ISLAS CARIBES  |2 CL-VaPUC  |9 353142 
583 |a last modification  |c 19960112 00:00:00  |k Rodrigo Vera 
999 |c 244004  |d 244002 
952 |0 0  |1 0  |4 0  |6 362_500000000000000_SAN_1982  |7 0  |8 P  |9 257908  |a BIBEDU  |b BIBEDU  |c BIBEDU_PB  |d 2019-11-19  |i 1614517  |o 362.5 SAN 1982  |p 1614517  |r 2024-01-25  |w 2019-11-19  |y BK  |k EDU